Video (Record no. 5557)

MARC details
000 -LEADER
fixed length control field 00380nam a22001457a 4500
005 - DATE AND TIME OF LATEST TRANSACTION
control field 20170909145231.0
008 - FIXED-LENGTH DATA ELEMENTS--GENERAL INFORMATION
fixed length control field 170909b xxu||||| |||| 00| 0 eng d
020 ## - INTERNATIONAL STANDARD BOOK NUMBER
ISBN 9780198-095460
041 ## - LANGUAGE CODE
Language code of text/sound track or separate title eng
100 ## - MAIN ENTRY--AUTHOR NAME
Personal name Belavadi,Vasuki
245 ## - TITLE STATEMENT
Title Video
Medium [electronic resource]
260 ## - PUBLICATION, DISTRIBUTION, ETC. (IMPRINT)
Name of publisher Oxford University Press
300 ## - PHYSICAL DESCRIPTION
Number of Pages 1 CD-ROM
Accompanying material Received along with book.
942 ## - ADDED ENTRY ELEMENTS (KOHA)
Koha item type CD/DVD
Holdings
Lost status Damaged status Home library Current library Date acquired Accession Number Koha item type
    JRU Library   09/09/2017 VP0001 CD/DVD
    JRU Library   09/09/2017 VP0002 CD/DVD